The Indian companies acts, 1913 to 1936, (Record no. 7755)
[ view plain ]
| 000 -LEADER | |
|---|---|
| fixed length control field | 00813cam a2200241u 4500 |
| 001 - CONTROL NUMBER | |
| control field | 7755 |
| 003 - CONTROL NUMBER IDENTIFIER | |
| rucl marc code | BD-RjUL |
| 005 - DATE AND TIME OF LATEST TRANSACTION | |
| control field | 20211208234452.0 |
| 008 - FIXED-LENGTH DATA ELEMENTS--GENERAL INFORMATION | |
| fixed length control field | 140115s1937 ii k 000 0 eng |
| 035 ## - SYSTEM CONTROL NUMBER | |
| System control number | (BD-RjUL)7799 |
| 040 ## - CATALOGING SOURCE | |
| Original cataloging agency | DLC |
| Transcribing agency | CarP |
| Modifying agency | DLC |
| Language of cataloging | eng |
| 041 ## - LANGUAGE CODE | |
| Language code of text/sound track or separate title | eng |
| 082 ## - DEWEY DECIMAL CLASSIFICATION NUMBER | |
| Edition number | 22 |
| Classification number | 346.54066 |
| Author mark and year | BAI 1937 |
| 100 ## - MAIN ENTRY--PERSONAL NAME | |
| Personal name | BASU, NRISINHADAS |
| Fuller form of name | NRISINHADAS BASUB.L.ADVOCATE |
| 9 (RLIN) | 24176 |
| 110 1# - MAIN ENTRY--CORPORATE NAME | |
| Corporate name or jurisdiction name as entry element | India. |
| Form subheading | Laws, statutes, etc. [from old catalog] |
| 9 (RLIN) | 181125 |
| 245 14 - TITLE STATEMENT | |
| Title | The Indian companies acts, 1913 to 1936, |
| Remainder of title | with explanatory notes and commentaries, |
| 260 ## - PUBLICATION, DISTRIBUTION, ETC. (IMPRINT) | |
| Place of publication, distribution, etc. | Bombay, |
| Name of publisher, distributor, etc. | Times of India Press, |
| Date of publication, distribution, etc. | 1937. |
| 300 ## - PHYSICAL DESCRIPTION | |
| Pagination | xli, 485 p. |
| Illustrations | forms. |
| Size | 25 cm. |
| 650 #0 - SUBJECT ADDED ENTRY--TOPICAL TERM | |
| Topical term or geographic name as entry element | Corporation law |
| Geographic subdivision | India. |
| 9 (RLIN) | 12910 |
| 700 1# - ADDED ENTRY--PERSONAL NAME | |
| Personal name | Judah, Solomon, [from old catalog] |
| Relator term | ed. |
| 942 ## - ADDED ENTRY ELEMENTS (KOHA) | |
| Source of classification or shelving scheme | Dewey Decimal Classification |
| Koha item type | Books |
| Lost status | Source of classification or shelving scheme | Damaged status | Not for loan | Collection code | Permanent Location | Current Location | Shelving location | Date acquired | Source of acquisition | Cost, normal purchase price | Total Checkouts | Full call number | Date last seen | Copy number | Koha item type |
|---|---|---|---|---|---|---|---|---|---|---|---|---|---|---|---|
| Dewey Decimal Classification | Non-fiction | Central Library, University of Rajshahi | Central Library, University of Rajshahi | 02/03/1955 | U.b.d. rajshahi | 44.00 | 346.54066 BAI 1937 | 15/01/2014 | C-2 | Books |